000 01707pam a2200409 i 4500
999 _c2202
_d2202
001 018863088
003 Uk
005 20230327151648.0
008 161129t20182018mnuab j b 001 0 eng
010 _a 2016053598
015 _aGBB885591
_2bnb
016 7 _a018863088
_2Uk
020 _a9781626176782
_qhardback
040 _aStDuBDS
_beng
_cStDuBDS
_dUk
_dKH8
_erda
042 _aukblcatcopy
043 _aa-cc---
082 0 0 _a951 OAC
_223
100 1 _aOachs, Emily Rose,
_eauthor.
245 1 0 _aChina /
_cby Emily Rose Oachs.
264 1 _aMinneapolis, MN :
_bBellwether Media,
_c2018.
264 4 _c©2018
300 _a32 pages :
_billustrations (colour), maps (colour) ;
_c24 cm.
336 _atext
_2rdacontent
336 _astill image
_2rdacontent
336 _acartographic image
_2rdacontent
337 _aunmediated
_2rdamedia
338 _avolume
_2rdacarrier
490 0 _aBlastoff! discovery: Country profiles
500 _aFormerly CIP.
_5Uk
504 _aIncludes bibliographical references and index.
505 0 _aThe Great Wall of China -- Location -- Landscape and climate -- Wildlife -- People -- Community life -- Customs -- School and work -- Play -- Food -- Celebrations -- Timeline -- Fast facts -- Glossary.
520 2 _a"Engaging images accompany information about China. The combination of high-interest subject matter and narrative text is intended for students in grades 3 through 8"--
_cProvided by publisher.
530 _aAlso issued online.
651 0 _aChina
_vJuvenile literature.
776 0 8 _iOnline version:
_aOachs, Emily Rose, author.
_tChina
_w(DLC) 2016055671
_dMinneapolis, MN : Bellwether Media, Inc., 2018
_z9781681034089
942 _2ddc
_cNFIC